000 00835nam a2200241 a 4500
001 000033975
005 20200930070653.0
008 090921s1962 mx ac 000 0 spa d
040 _aDO-SdBNP
_bspa
_cBNPHU
082 _a809.9112
_bH519b, 1962
100 1 _aHeríquez Ureña, Max
_923476
245 1 0 _aBreve historia del modernismo /
_cMax Henríquez Ureña.
250 _a2a ed.
260 _aMéxico, D. F. :
_bFondo de Cultura Económica,
_c1962.
300 _a559 p. :
_bil., retrs. ;
_c22 cm.
500 _aIncluye índices
504 _aBibliografía: p. 529-535
500 _aLa biblioteca posee la segunda reimpresión del 1978
650 4 _aModernismo (literatura)
_xHistoria
_923477
650 4 _aLiteratura hispanoaméricana
_xHistoria y crítica
_96273
910 _aValidado. Control de calidad MFF
049 _aBNPD
999 _c33466
_d33466